Регионална библиотека "Любен Каравелов" - Русе

Информационен справочник за правилата, процедурите и реда за предоставяне на безвъзмездна финансова помощ по оперативните програми, съфинансирани от Структурните фондове и Кохезионния фонд на Европейския съюз и по Програма ФАР на Европейския съюз (Запис номер 72929)

MARC детайли
000 -Лидер
Контролно поле с фиксирана дължина 02445nam a2200421 c 4500
003 - Код на организацията, давaща контролен номер
Контролно поле BLK
005 - Дата и час на последна редакция
Контролно поле 20180420223941.0
008 - Елементи от данни с фиксирана дължина
fixed length control field 180408b bul|||||r ||||||| ||bul||
010 ## - Наследен системен номер
LC control number KNG00077308000
020 ## - Международен стандартен номер на книга ISBN
Международен стандартен номер на книга ISBN 978-954-377-005-2
-- издат.: АСПРО
040 ## - Източник на каталожния запис
Идентификатор на билиотеката - собственик на записа BLK
041 ## - Код за език
Код за езика на текст/звукозапис или на отделно заглавие Български
Код за езика КДБФ Български
072 #7 - Код за тематичната категория
Код организация bullib
Код за тематична категория Е
Текст Картотека "Европейски съюз"
080 ## - УДК
Текстов определител УДК Европейски съюз (икон. аспекти)
УДК код - определител по УДК 339.923:061.1ЕС
УДК определител
УДК - код + определител 339.923:061.1ЕС
080 ## - УДК
Текстов определител УДК Европейски съюз - политически аспекти
УДК код - определител по УДК 327.7:061.1ЕС
УДК определител
УДК - код + определител 327.7:061.1ЕС
139 ## - Редно поле
Редна дума Информационен справочник за правилата, процедурите и реда за предоставяне на безвъзмездна финансова помощ по оперативните програми, съфинансирани от Структурните фондове и Кохезионния фонд на Европейския съюз и по Програма ФАР на Европейския съюз
Авторски знак Инф - И 73
245 10 - Сведения за заглавието
Заглавие Информационен справочник за правилата, процедурите и реда за предоставяне на безвъзмездна финансова помощ по оперативните програми, съфинансирани от Структурните фондове и Кохезионния фонд на Европейския съюз и по Програма ФАР на Европейския съюз
Редно поле (дума) състав. Благой Иванов.
257 ## - Страна на издаване
Страна на създаване/издаване България
260 ## - Област на издателските данни
-- София
Име на издателя, разпространителя и проч. АСПРО
Година на издаване 2007
Печатница София : Симолини
300 ## - Физическа характеристика
Страници 312 с.
Размери/Мащаб 23 см
Съпровождащи материали CD
380 ## - Жанр
Жанр Обществени науки
500 ## - Общи забележки
Забележка Офс. изд. - CD със същото загл. със сигн. 1311.
650 #4 - Допълнително описание по предмет – тема
Основно описание – тема или топоним Европейски съюз - програми
9 (RLIN) 274379
651 #4 - Допълнително описание по предмет - топоним
Географско понятие Европейски съюз
9 (RLIN) 258188
653 ## - Ключова дума – ненормативна
Ключова дума финансиране
653 ## - Ключова дума – ненормативна
Ключова дума програми
653 ## - Ключова дума – ненормативна
Ключова дума Структурни фондове
653 ## - Ключова дума – ненормативна
Ключова дума Програма ФАР
653 ## - Ключова дума – ненормативна
Ключова дума Кохезионен фонд
653 ## - Ключова дума – ненормативна
Ключова дума Европейски съюз
659 ## - Тематичен бюлетин
Тематичен бюлетин Е
700 1# - Други автори (авторска отговорност)
Лично име Иванов, Благой
Автороска отговорност (Описва отношението между автора и произведението) състав.
9 (RLIN) 267837
852 ## - Местоположение
Форматна сигнатура Цб 235413
856 4# - Електронен адрес и достъп
Електронен формат pdf - файл
Път до файла /url/
856 4# - Електронен адрес и достъп
Електронен формат pdf - файл
Път до файла /url/
942 ## - АРТИКУЛИ
Вид на библиотечния материал Книги
Скрит в OPAC Не
944 ## - СЪЗДАВАНЕ И РЕДАКЦИЯ на ЗАПИСА
Създаване/Редакция Създаване
Дата на регистрацията/редакция 13.08.2007
Служител, извършил регистрацията/редакцията Кети_Илиева
944 ## - СЪЗДАВАНЕ И РЕДАКЦИЯ на ЗАПИСА
Създаване/Редакция Редакция
Дата на регистрацията/редакция 26.11.2012
Служител, извършил регистрацията/редакцията
999 ## - СИСТЕМНИ КОНТРОЛНИ НОМЕРА
Koha biblionumber 72929
Koha biblioitemnumber 72929
Наличности
Код за отписване Код за изгубен артикул Код за повреда Коз за рестрикции Код за отдаване Артикулен № Име на библиотеката - собственик Име на библиотеката, в която се намира в момента Статус (Текущо местоположение) Дата на вписване в системата Местоположение - отдел Цена в лева Инвентарен номер Систематично азбучна сигнатура Баркод Номер на екземпляра Цена в евро Служебна бележка Служебен тип на артикула
  Не е изгубен Не е повреден без рестрикции ползва се в читалня 118549 Регионална библиотека "Любен Каравелов" Русе Регионална библиотека "Любен Каравелов" Русе Читалня 2007-08-13 Читалня 27.00 120000716483 Ч 339.923:061.1ЕС/И 73 120000716483 1 13.80 Дост: Pk Вид: Ф N: 6896 Дата: 09.08.2007 Дата инв: 23.03.2017 Бележки инв: Ч2017 Книги
Vip Innovations Ltd, Rousse, Bulgaria 2025